UBT Library

Please understand me : (Record no. 40807)

000 -LEADER
fixed length control field 00648cam a2200217 a 4500
001 - CONTROL NUMBER
control field 12187042
005 - DATE AND TIME OF LATEST TRANSACTION
control field 20180123093754.0
008 - FIXED-LENGTH DATA ELEMENTS--GENERAL INFORMATION
fixed length control field 000926s1984 caua b 000 0 eng
010 ## - LIBRARY OF CONGRESS CONTROL NUMBER
LC control number 00694528
020 ## - INTERNATIONAL STANDARD BOOK NUMBER
International Standard Book Number 0960695400 (pbk.)
040 ## - CATALOGING SOURCE
Original cataloging agency DLC
Transcribing agency DLC
041 ## - LANGUAGE CODE
Language code of text/sound track or separate title eng
080 ## - UNIVERSAL DECIMAL CLASSIFICATION NUMBER
Universal Decimal Classification number 316 dav
100 1# - Rafti
Rafti 50
101 ## - Shkurtesa
Shkurtesa soc
245 10 - TITLE STATEMENT
Title Please understand me :
Statement of responsibility, etc David Keirsey, Marilyn Bates.
504 ## - BIBLIOGRAPHY, ETC. NOTE
Bibliography, etc Includes bibliographical references (p. 209-210).
906 ## - LOCAL DATA ELEMENT F, LDF (RLIN)
a 7
b ibc
c origcop
d 3
e ncip
f 20
g y-gencatlg
942 ## - ADDED ENTRY ELEMENTS (KOHA)
Source of classification or shelving scheme
Item type Books
Holdings
Withdrawn status Lost status Source of classification or shelving scheme Damaged status Not for loan Collection code Permanent location Current location Shelving location Date acquired Total Checkouts Full call number Barcode Date last seen Price effective from Koha item type
          Koleksioni i përgjithshem UBT - Lipjan UBT - Lipjan Koleksioni i përgjithshem 01/23/2018   316 dav 002-2996266 01/23/2018 01/23/2018 Books
UBT Library © 2015-2024. All rights reserved University Education for Business and Technology